00920nam a22002537a 4500003000500000005001700005008004100022010001000063011001000073035001100083040000900094100002900103245011800132260004000250300004100290502010900331530003600440650001700476650002800493650003000521650002800551650002300579856006400602CHAP20220329143401.0900209s2008 mx a r 00010 spa d a95785 a96757 a107413 cCHAP1 aManríquez Roa, José.10aDiagnostico molecular de la bacteriosis de la jicama (Pachyrhizus erosus) en Morelosc/por José Manríquez Roa aChapingo, Méx. :bEl autor,c2008 av, 35 h. :bilus., cuadros, gráfs. aTesis (Ing. Agr. Esp. en Parasitología Agrícola) -- UACH. Departamento de Parasitología Agrícola aTambién disponible en línea14aBacteriosis.14aHongos fitopatógenos.14aIndicadores biológicos.14aJícamaxEnfermedades.14aJícamazMorelos. 3Finding aiduhttp://10.13.5.2/tesis/107413.pdfzTeclea aqui